000 00453nam a2200181Ia 4500
001 16426
005 20260306170308.0
008 260306t1996||||xx |||||||||||||| ||und||
041 _aESP
082 _a348.55
_bC29 T. 4
100 _aCastillo Freyre, Mario
_eAUT
245 0 _aLas doctrinas tradicionales frente a la contratación computarizada
260 _c1996
300 _a
_c
650 _aGEN
654 _aCDE
942 _cLIB
_dJUS
_fJUS
_2ddc
_n
999 _c16426
_d16426